[Event "Enschede op-D U14"]
[Site "Enschede"]
[Date "2009.08.03"]
[Round "1"]
[White "Zegers, David"]
[Black "Haver, Sjoerd"]
[Result "0-1"]
[WhiteElo "822"]
[BlackElo "1394"]
[PlyCount "52"]
[EventDate "2009.08.03"]
[EventType "swiss"]
[EventRounds "9"]
[EventCountry "NED"]
[SourceTitle "CBM 132 Extra"]
[Source "ChessBase"]
[SourceDate "2009.11.03"]
[SourceVersion "1"]
[SourceVersionDate "2009.11.03"]
[SourceQuality "1"]

1. e4 e5 2. Nf3 Nc6 3. Bb5 Bc5 4. 0-0 Nge7 5. d3 h6 6. c4 a6 7. Qa4 Ra7 8. Bxc6 Nxc6 9. Nc3 d6 10. h3 Bd7 11. Nd5 a5 12. Bd2 Nb4 13. Qd1 Nxd3 14. Bc3 Nb4 15. a3 Nxd5 16. exd5 Bb6 17. Qe2 0-0 18. Rad1 Qf6 19. g4 Qg6 20. Bxe5 Re8 21. Rd3 dxe5 22. Nxe5 Rxe5 23. Qxe5 Qxd3 24. Qf4 Qxh3 25. Re1 Bxg4 26. Qc1 Bf3 0-1